LDR 00838naa#a2200193#i#450# 001 EN\\bibl\121306 005 20260515051843.5 011 ## _a1994-4683 100 ## _a20230803b2023####ek#y0engy0150####ca 102 ## _aRU 200 1# _aPEDAGOGICAL-PSYCHOLOGICAL METHODOLOGICAL PRINCIPLES FORM A "HEALTH-SAVING HEALTH-IMPROVING RESPIRATORY TECHNOLOGY" IN THE SELF-DEVELOPMENT OF THE INDIVIDUAL IN PHYSICAL EDUCATION CLASSES _eJournal article 210 1# _aMoscow _cNational State University of Physical Education, Sports and Health named after P.F. Lesgaft _d2023 215 ## _a9 с. 608 ## _aJournal article _2local 675 ## _aФилософские и научно-теоретические основы физической культуры и спорта. 796.011 _z 700 #1 _a _g 700 #1 _a _g 700 #1 _a _g 856 4# _auchzapiski.lesgaft.spb.ru _u